[Event "Mittelfrank Regionalliga Nord-Ost 2122"]
[Site "Mittelfranken"]
[Date "2022.05.08"]
[Round "8.2"]
[White "Endres, Christian"]
[Black "Eber, Fabian"]
[Result "1-0"]
[WhiteElo "2162"]
[BlackElo "2151"]
[PlyCount "149"]
[EventDate "2021.10.24"]
[EventType "team-tourn"]
[EventRounds "9"]
[EventCountry "GER"]
[SourceTitle "EXT 2024"]
[Source "ChessBase"]
[SourceDate "2023.10.10"]
[SourceVersion "1"]
[SourceVersionDate "2023.10.10"]
[SourceQuality "1"]
[WhiteTeam "Altensittenbach"]
[BlackTeam "Fuerth SG"]
[WhiteTeamCountry "GER"]
[BlackTeamCountry "GER"]

1. Nf3 Nf6 2. c4 c5 3. g3 Nc6 4. Bg2 e5 5. Nc3 d6 6. 0-0 Bg4 7. Ne1 Qd7 8. Nc2 h5 9. Ne3 Bh3 10. f3 Be7 11. Ncd5 Bxg2 12. Kxg2 Nxd5 13. Nxd5 f5 14. d3 h4 15. a3 hxg3 16. hxg3 f4 17. Rh1 Rxh1 18. Qxh1 0-0-0 19. gxf4 Nd4 20. e3 Nb3 21. Rb1 exf4 22. Nxf4 Bg5 23. Nd5 Re8 24. Qh3 Qxh3+ 25. Kxh3 Nxc1 26. Rxc1 Bxe3 27. Re1 Rh8+ 28. Kg4 Bd4 29. b4 Bb2 30. b5 Bxa3 31. Ra1 Bb2 32. Rxa7 Rh1 33. Ra8+ Kd7 34. Rb8 Rg1+ 35. Kh3 Be5 36. Rxb7+ Ke6 37. f4 Bf6 38. Ra7 Kf5 39. Ra3 Rb1 40. Kg3 g5 41. fxg5 Bxg5 42. b6 Ke5 43. Ra5 Bd8 44. Ra8 Bg5 45. Rg8 Bd2 46. Rg4 Ba5 47. Re4+ Kf5 48. Re8 Rb3 49. Kf2 Bxb6 50. Rb8 Rxd3 51. Rxb6 Ke5 52. Ke2 Rh3 53. Rc6 Kd4 54. Nb6 Rh6 55. Kf3 Ke5 56. Rc8 Rh3+ 57. Kg4 Rb3 58. Rc6 Rc3 59. Kg5 Rg3+ 60. Kh6 Ke6 61. Nd5 Rg4 62. Nb6 Rg3 63. Rc8 Rb3 64. Nd5 Ke5 65. Rf8 Rd3 66. Rf2 Rd4 67. Re2+ Kf5 68. Nb6 Kf6 69. Rf2+ Ke5 70. Kg5 Rd1 71. Rf5+ Ke4 72. Rd5 Rd4 73. Rf5 Rd1 74. Kf6 Rh1 75. Rd5 1-0

[Event "Mittelfranken-chTB1 1819"]
[Site "Mittelfranken"]
[Date "2019.03.31"]
[Round "8.8"]
[White "Eber, Fabian"]
[Black "Proeschel, Gerhard"]
[Result "1-0"]
[WhiteElo "2123"]
[BlackElo "1834"]
[PlyCount "35"]
[EventDate "2018.10.14"]
[EventType "team-tourn"]
[EventRounds "9"]
[EventCountry "GER"]
[SourceTitle "EXT 2022"]
[Source "ChessBase"]
[SourceDate "2021.10.06"]
[SourceVersion "1"]
[SourceVersionDate "2021.10.06"]
[SourceQuality "1"]
[WhiteTeam "Fuerth SG"]
[BlackTeam "Muehlhof/Schwabach"]
[WhiteTeamCountry "GER"]
[BlackTeamCountry "GER"]

1. c4 e5 2. Nc3 Nc6 3. g3 Nf6 4. Bg2 d6 5. d3 Rb8 6. e3 Bd7 7. Nge2 Qc8 8. h4 h5 9. a3 a5 10. d4 Ne7 11. Nb5 Ra8 12. Qb3 Ng6 13. Bxb7 a4 14. Bxc8 axb3 15. Nxc7+ Kd8 16. Bxd7 Kxc7 17. Bb5 d5 18. Bd2 1-0

[Event "Mittelfranken-chTB2a 1617"]
[Site "Mittelfranken"]
[Date "2017.05.14"]
[Round "9.2"]
[White "Lange, Carsten"]
[Black "Eber, Fabian"]
[Result "0-1"]
[WhiteElo "1858"]
[BlackElo "2180"]
[PlyCount "70"]
[EventDate "2016.10.23"]
[EventType "team-tourn"]
[EventRounds "9"]
[EventCountry "GER"]
[SourceTitle "EXT 2022"]
[Source "ChessBase"]
[SourceDate "2021.10.06"]
[SourceVersion "1"]
[SourceVersionDate "2021.10.06"]
[SourceQuality "1"]
[WhiteTeam "Zirndorf II"]
[BlackTeam "Fuerth SG"]
[WhiteTeamCountry "GER"]
[BlackTeamCountry "GER"]

1. Nf3 Nf6 2. c4 c5 3. g3 Nc6 4. Bg2 d6 5. 0-0 Bg4 6. d3 Qd7 7. Nc3 h5 8. h4 e5 9. Ng5 Nh7 10. Nd5 Nxg5 11. Bxg5 Nd4 12. f3 Be6 13. Qd2 Nf5 14. Kh2 f6 15. Be3 Be7 16. Bf2 g5 17. e4 Nd4 18. f4 gxf4 19. gxf4 Bg4 20. Bxd4 cxd4 21. f5 Kf7 22. b4 Rag8 23. b5 Rh7 24. Rg1 Qd8 25. a4 Bf8 26. Ra2 Bh6 27. Qb4 Bf4+ 28. Nxf4 exf4 29. Rf1 f3 30. Bxf3 Bxf3 31. Rxf3 Rhg7 32. c5 dxc5 33. Qxc5 Qb8+ 34. e5 fxe5 35. Qd5+ Kf8 0-1

[Event "Mittelfranken-chTB2a 1617"]
[Site "Mittelfranken"]
[Date "2017.01.22"]
[Round "5.2"]
[White "Drees, Martin"]
[Black "Eber, Fabian"]
[Result "0-1"]
[WhiteElo "1904"]
[BlackElo "2180"]
[PlyCount "84"]
[EventDate "2016.10.23"]
[EventType "team-tourn"]
[EventRounds "9"]
[EventCountry "GER"]
[SourceTitle "EXT 2022"]
[Source "ChessBase"]
[SourceDate "2021.10.06"]
[SourceVersion "1"]
[SourceVersionDate "2021.10.06"]
[SourceQuality "1"]
[WhiteTeam "Cadolzburg"]
[BlackTeam "Fuerth SG"]
[WhiteTeamCountry "GER"]
[BlackTeamCountry "GER"]

1. e4 c6 2. Nf3 d5 3. exd5 cxd5 4. Ne5 Nd7 5. d4 Ngf6 6. Bd3 Qb6 7. 0-0 e6 8. c3 Nxe5 9. dxe5 Nd7 10. Qe2 Bc5 11. Nd2 Qc7 12. Nf3 b6 13. Bf4 h6 14. Nd4 a6 15. Qg4 g5 16. Nxe6 fxe6 17. Qh5+ Kf8 18. Bxg5 Qxe5 19. Bxh6+ Ke7 20. Qg6 Nf8 21. Qg5+ Qxg5 22. Bxg5+ Kf7 23. h4 e5 24. b4 Bd6 25. f4 e4 26. Be2 Ne6 27. Rad1 Bb7 28. h5 Rac8 29. h6 Rcg8 30. Bh5+ Kf8 31. g4 Bc6 32. c4 d4 33. a3 e3 34. Rfe1 Bc7 35. Kf1 b5 36. c5 Bd5 37. Rxd4 Nxd4 38. Rxe3 Bc4+ 39. Kf2 Ne6 40. f5 Rxg5 41. fxe6 Ke7 42. Rf3 Bxe6 0-1

[Event "Forchheim op-A 14th"]
[Site "Forchheim"]
[Date "2015.10.03"]
[Round "2"]
[White "Eber, Fabian"]
[Black "Imcke, Patrick"]
[Result "1-0"]
[WhiteElo "2064"]
[BlackElo "2119"]
[PlyCount "47"]
[EventDate "2015.10.02"]
[EventType "swiss"]
[EventRounds "5"]
[EventCountry "GER"]
[SourceTitle "EXT 2019"]
[Source "ChessBase"]
[SourceDate "2018.10.10"]
[SourceVersion "1"]
[SourceVersionDate "2018.10.10"]
[SourceQuality "1"]

1. d4 Nf6 2. c4 g6 3. Nc3 d5 4. Bg5 Ne4 5. Nxe4 dxe4 6. Qd2 Bg7 7. 0-0-0 Nc6 8. e3 0-0 9. Ne2 h6 10. Bh4 a5 11. Nc3 Bf5 12. Be2 g5 13. Bg3 e5 14. d5 Nd4 15. exd4 exd4 16. Nb5 d3 17. Bh5 c6 18. Nd6 Bh7 19. h4 cxd5 20. hxg5 dxc4 21. gxh6 Bf6 22. f3 e3 23. Qxe3 Bxb2+ 24. Kxb2 1-0

[Event "Nuremberg Zabo op 16th"]
[Site "Nuremberg"]
[Date "2014.09.21"]
[Round "5"]
[White "Brunsch, Michael"]
[Black "Eber, Fabian"]
[Result "0-1"]
[WhiteElo "1973"]
[BlackElo "2067"]
[PlyCount "52"]
[EventDate "2014.09.19"]
[EventType "swiss"]
[EventRounds "5"]
[EventCountry "GER"]
[SourceTitle "EXT 2018"]
[Source "ChessBase"]
[SourceDate "2017.10.13"]
[SourceVersion "1"]
[SourceVersionDate "2017.10.13"]
[SourceQuality "1"]

1. Nf3 Nf6 2. c4 c5 3. g3 b6 4. Bg2 Bb7 5. 0-0 g6 6. b3 Bg7 7. Bb2 0-0 8. d4 cxd4 9. Bxd4 d6 10. Bb2 Nbd7 11. Nc3 h6 12. Qd2 Rc8 13. Rfd1 Rc5 14. Re1 Qa8 15. Nh4 Bxg2 16. Nxg2 g5 17. Ne3 Ne4 18. Nxe4 Qxe4 19. Bxg7 Kxg7 20. g4 Qf4 21. Rad1 h5 22. Nf5+ Kf6 23. Qxf4 gxf4 24. h3 hxg4 25. hxg4 Rg8 26. f3 Rxf5 0-1

[Event "Forchheim op-A 12th"]
[Site "Forchheim"]
[Date "2013.09.29"]
[Round "4"]
[White "Heimrath, Reiner"]
[Black "Eber, Fabian"]
[Result "1-0"]
[WhiteElo "2266"]
[BlackElo "2004"]
[PlyCount "67"]
[EventDate "2013.09.27"]
[EventType "swiss"]
[EventRounds "5"]
[EventCountry "GER"]
[SourceTitle "CBM 156 Extra"]
[Source "ChessBase"]
[SourceDate "2013.10.22"]
[SourceVersion "1"]
[SourceVersionDate "2013.10.22"]
[SourceQuality "1"]

1. e4 d6 2. d4 g6 3. Bc4 Bg7 4. Qf3 e6 5. Ne2 Nc6 6. c3 Nf6 7. Bg5 h6 8. Bh4 g5 9. Bg3 h5 10. h4 g4 11. Qe3 Bh6 12. Bf4 Bxf4 13. Nxf4 Ne7 14. Nd2 c6 15. 0-0-0 b5 16. Bb3 a5 17. Nd3 Rg8 18. Qf4 Ng6 19. Qg5 a4 20. Bc2 Nf8 21. Qh6 Ng6 22. e5 Nd5 23. Ne4 dxe5 24. Nxe5 a3 25. b3 Qc7 26. Qh7 Kf8 27. Nd6 Nxe5 28. dxe5 Nxc3 29. Qh6+ Ke7 30. Qf6+ Kf8 31. Nxf7 Nxa2+ 32. Kb1 Nc3+ 33. Ka1 Nd5 34. Rxd5 1-0

[Event "Nuremberg LGA Cup 9th"]
[Site "Nuremberg"]
[Date "2012.09.06"]
[Round "1"]
[White "Eber, Fabian"]
[Black "Meinhardt, Maximilian"]
[Result "1/2-1/2"]
[WhiteElo "1986"]
[BlackElo "2397"]
[PlyCount "50"]
[EventDate "2012.09.06"]
[EventType "swiss"]
[EventRounds "7"]
[EventCountry "GER"]
[SourceTitle "CBM 150 Extra"]
[Source "ChessBase"]
[SourceDate "2012.10.19"]
[SourceVersion "1"]
[SourceVersionDate "2012.10.19"]
[SourceQuality "1"]

1. e4 e6 2. e5 d6 3. exd6 Bxd6 4. d4 Nf6 5. Nf3 b6 6. Bg5 Bb7 7. Nbd2 Nbd7 8. Bd3 h6 9. Bh4 Qe7 10. Be4 c6 11. 0-0 g5 12. Bg3 Bxg3 13. fxg3 Nxe4 14. Nxe4 0-0-0 15. Qe2 f6 16. a4 Kb8 17. a5 Rhe8 18. axb6 axb6 19. Rfe1 g4 20. Nfd2 f5 21. Nc3 Qd6 22. Qf2 Nf6 23. Nb3 Kc7 24. Re5 Nd7 25. Re3 Ra8 1/2-1/2

[Event "Nuremberg LGA Cup 8th"]
[Site "Nuremberg"]
[Date "2011.09.09"]
[Round "3"]
[White "Eber, Fabian"]
[Black "Wichmann, Cliff"]
[Result "0-1"]
[WhiteElo "2003"]
[BlackElo "2320"]
[PlyCount "116"]
[EventDate "2011.09.08"]
[EventType "swiss"]
[EventRounds "7"]
[EventCountry "GER"]
[SourceTitle "CBM 144 Extra"]
[Source "ChessBase"]
[SourceDate "2011.10.28"]
[SourceVersion "1"]
[SourceVersionDate "2011.10.28"]
[SourceQuality "1"]

1. e4 e6 2. d4 d5 3. exd5 exd5 4. Nf3 Nf6 5. c3 Be7 6. Bd3 0-0 7. 0-0 Bg4 8. Nbd2 Nbd7 9. Re1 Re8 10. Nf1 c6 11. h3 Bh5 12. Ng3 Bg6 13. Bxg6 hxg6 14. Bf4 Qb6 15. Qb3 Qa6 16. Re3 Bf8 17. Rae1 Nb6 18. a3 Rxe3 19. Bxe3 Re8 20. Ne5 Bd6 21. f4 Nc4 22. Nxc4 Bxf4 23. Nf1 dxc4 24. Qd1 Bd6 25. Bc1 b5 26. Rxe8+ Nxe8 27. Qf3 Nf6 28. Bf4 Bf8 29. Be5 Nd5 30. Ne3 Nxe3 31. Qxe3 Qc8 32. Bg3 Qd7 33. Qe5 f6 34. Qc7 Qxc7 35. Bxc7 Kf7 36. Bf4 Ke6 37. Kf2 c5 38. dxc5 Bxc5+ 39. Kf3 g5 40. Bd2 Be7 41. Be3 a6 42. Bd4 Bd6 43. Be3 Be5 44. Ke4 f5+ 45. Kf3 Bf6 46. Bf2 Kd5 47. g4 g6 48. Bb6 Kc6 49. Bf2 a5 50. Be1 b4 51. axb4 axb4 52. gxf5 gxf5 53. Bd2 bxc3 54. bxc3 Kb5 55. h4 gxh4 56. Kf4 h3 57. Kg3 Ka4 58. Kxh3 Kb3 0-1

[Event "Nuremberg LGA Cup 8th"]
[Site "Nuremberg"]
[Date "2011.09.09"]
[Round "2"]
[White "Seyb, Alexander"]
[Black "Eber, Fabian"]
[Result "0-1"]
[WhiteElo "2314"]
[BlackElo "1946"]
[PlyCount "128"]
[EventDate "2011.09.08"]
[EventType "swiss"]
[EventRounds "7"]
[EventCountry "GER"]
[SourceTitle "CBM 144 Extra"]
[Source "ChessBase"]
[SourceDate "2011.10.28"]
[SourceVersion "1"]
[SourceVersionDate "2011.10.28"]
[SourceQuality "1"]

1. e4 c5 2. Nf3 Nc6 3. Nc3 g6 4. d4 cxd4 5. Nxd4 Bg7 6. Be3 d6 7. Qd2 Bd7 8. 0-0-0 Qa5 9. Kb1 Rc8 10. f3 a6 11. Nb3 Bxc3 12. Nxa5 Bxd2 13. Bxd2 Nxa5 14. Bxa5 f6 15. Be2 Nh6 16. Rd2 Nf7 17. b3 Nd8 18. Kb2 Ne6 19. c4 Kf7 20. Bb6 Nf4 21. Bf1 g5 22. h4 g4 23. g3 Nh5 24. Bf2 gxf3 25. Bh3 Bxh3 26. Rxh3 Rhg8 27. Rd5 Ng7 28. Rd3 Ne6 29. Rxf3 Rg4 30. Rh1 Rxe4 31. Re1 Rxe1 32. Bxe1 Rg8 33. Kc3 Rg4 34. b4 b5 35. cxb5 axb5 36. Rf5 Nc7 37. Kb3 e5 38. a4 bxa4+ 39. Kxa4 Nd5 40. Ka5 Ke6 41. Rf1 Rg8 42. Ka6 Rb8 43. Ka7 Rb5 44. Ka6 Nc7+ 45. Ka7 Kd7 46. Bf2 Rxb4 47. Bb6 Nd5 48. Ba5 Rb3 49. g4 Ra3 50. Ka6 Nc7+ 51. Kb6 Rb3+ 52. Ka7 Kc8 53. Bxc7 Kxc7 54. Ka6 Kc6 55. Ka5 Kc5 56. Rc1+ Kd5 57. Rc7 Rg3 58. Rxh7 Rxg4 59. h5 Rh4 60. Kb6 f5 61. Kc7 f4 62. Rh6 f3 63. Rxd6+ Ke4 64. Rf6 Rxh5 0-1

[Event "Mittelfranken-chTB2a 1011"]
[Site "Germany"]
[Date "2010.11.21"]
[Round "3.1"]
[White "Eber, Fabian"]
[Black "Witt, Alfred"]
[Result "1-0"]
[WhiteElo "1937"]
[BlackElo "1871"]
[PlyCount "47"]
[EventDate "2010.09.26"]
[EventType "team-tourn"]
[EventRounds "9"]
[EventCountry "GER"]
[SourceTitle "EXT 2012"]
[Source "ChessBase"]
[SourceDate "2011.11.24"]
[SourceVersion "1"]
[SourceVersionDate "2011.11.24"]
[SourceQuality "1"]
[WhiteTeam "Wilhermsdorf/Langenzenn"]
[BlackTeam "Ansbach"]
[WhiteTeamCountry "GER"]
[BlackTeamCountry "GER"]

1. e4 e5 2. Nf3 Nc6 3. Bc4 Nf6 4. Ng5 Bc5 5. Bxf7+ Ke7 6. Bb3 Rf8 7. 0-0 Nd4 8. c3 Nxb3 9. axb3 h6 10. d4 exd4 11. cxd4 Bb6 12. e5 Nd5 13. Nc3 c6 14. Nxd5+ cxd5 15. Bd2 a5 16. Qc2 Qe8 17. Rxa5 Rxa5 18. Bxa5 Bxa5 19. Qc5+ Kd8 20. Qxa5+ Ke7 21. Qc5+ Kd8 22. Qb6+ Ke7 23. Qd6+ Kd8 24. Ne6+ 1-0

[Event "Nuremberg LGA Cup 6th"]
[Site "Nuremberg"]
[Date "2009.09.05"]
[Round "4"]
[White "Eber, Fabian"]
[Black "Hirschberg, Valerian"]
[Result "1/2-1/2"]
[WhiteElo "1946"]
[BlackElo "2099"]
[PlyCount "67"]
[EventDate "2009.09.03"]
[EventType "swiss"]
[EventRounds "7"]
[EventCountry "GER"]
[SourceTitle "CBM 132 Extra"]
[Source "ChessBase"]
[SourceDate "2009.11.03"]
[SourceVersion "1"]
[SourceVersionDate "2009.11.03"]
[SourceQuality "1"]

1. e4 c5 2. Nf3 Nc6 3. Bb5 g6 4. 0-0 Bg7 5. d3 Nf6 6. c3 0-0 7. Be3 d6 8. Nbd2 Qc7 9. h3 a6 10. Bxc6 Qxc6 11. Nh2 b5 12. a4 Bb7 13. axb5 axb5 14. Qc2 c4 15. f3 cxd3 16. Qxd3 d5 17. Ng4 Rad8 18. Nxf6+ Bxf6 19. Qe2 Bg7 20. Rfd1 b4 21. Rac1 bxc3 22. bxc3 Ba6 23. Qf2 e6 24. exd5 exd5 25. Bd4 Bh6 26. Qh4 Bg7 27. Bxg7 Kxg7 28. Qd4+ Kg8 29. Nf1 Bxf1 30. Kxf1 Qa6+ 31. Qd3 Qf6 32. Qd4 Qa6+ 33. Qd3 Qf6 34. Qd4 1/2-1/2

[Event "Mittelfranken-ch HT 58th"]
[Site "Postbauer"]
[Date "2009.04.10"]
[Round "8.10"]
[White "Eber, Fabian"]
[Black "Margraf, Christoph"]
[Result "1-0"]
[WhiteElo "1969"]
[BlackElo "1839"]
[PlyCount "57"]
[EventDate "2009.04.07"]
[EventType "swiss"]
[EventRounds "9"]
[EventCountry "GER"]
[SourceTitle "EXT 2011"]
[Source "ChessBase"]
[SourceDate "2010.11.26"]
[SourceVersion "1"]
[SourceVersionDate "2010.11.26"]
[SourceQuality "1"]

1. e4 c5 2. Nf3 Nc6 3. Bb5 g6 4. c3 Bg7 5. 0-0 a6 6. Bxc6 dxc6 7. d3 e5 8. Be3 Qe7 9. Nbd2 h5 10. Nb3 b6 11. a4 a5 12. Nbd2 Ba6 13. Qb3 Qc7 14. Nc4 Bxc4 15. Qxc4 Nf6 16. Nh4 Ng4 17. Bg5 Bf6 18. Bxf6 Nxf6 19. h3 Qe7 20. g3 Ng4 21. Qb3 Qg5 22. Qxb6 0-0 23. hxg4 Rab8 24. Qxc5 Rxb2 25. Rab1 Rfb8 26. Rxb2 Rxb2 27. gxh5 Qxh5 28. Qxa5 Qg4 29. Qxe5 1-0

[Event "Mittelfranken-ch HT 58th"]
[Site "Postbauer"]
[Date "2009.04.10"]
[Round "7.10"]
[White "Vasilache, Catalin"]
[Black "Eber, Fabian"]
[Result "1/2-1/2"]
[WhiteElo "1946"]
[BlackElo "1969"]
[PlyCount "43"]
[EventDate "2009.04.07"]
[EventType "swiss"]
[EventRounds "9"]
[EventCountry "GER"]
[SourceTitle "EXT 2011"]
[Source "ChessBase"]
[SourceDate "2010.11.26"]
[SourceVersion "1"]
[SourceVersionDate "2010.11.26"]
[SourceQuality "1"]

1. d4 d5 2. Nf3 Nf6 3. c4 c6 4. Nc3 e6 5. e3 Nbd7 6. Bd3 Bd6 7. 0-0 0-0 8. a3 Re8 9. h3 h6 10. Qc2 e5 11. cxd5 cxd5 12. Nb5 Bb8 13. dxe5 Nxe5 14. Be2 Nxf3+ 15. Bxf3 a6 16. Nd4 Qd6 17. Rd1 Be6 18. Bd2 Qd7 19. Nxe6 fxe6 20. Bc3 Qf7 21. Qb3 Ba7 22. Bd4 1/2-1/2

[Event "Mittelfranken-ch HT 58th"]
[Site "Postbauer"]
[Date "2009.04.08"]
[Round "4.5"]
[White "Eber, Fabian"]
[Black "Eiber, Manfred"]
[Result "1/2-1/2"]
[WhiteElo "1969"]
[BlackElo "2116"]
[PlyCount "65"]
[EventDate "2009.04.07"]
[EventType "swiss"]
[EventRounds "9"]
[EventCountry "GER"]
[SourceTitle "EXT 2011"]
[Source "ChessBase"]
[SourceDate "2010.11.26"]
[SourceVersion "1"]
[SourceVersionDate "2010.11.26"]
[SourceQuality "1"]

1. e4 Nc6 2. Nf3 e6 3. d4 a6 4. c3 d5 5. e5 Na7 6. Be3 Bd7 7. Nbd2 f5 8. g3 Nh6 9. Bxh6 gxh6 10. Nh4 Qe7 11. Qh5+ Kd8 12. Nb3 Qg7 13. Ng2 c5 14. Nxc5 Bxc5 15. dxc5 Qxe5+ 16. Ne3 Rc8 17. Qh4+ Ke8 18. Qh5+ Kd8 19. Qh4+ Ke8 20. Qh5+ Ke7 21. Qh4+ Qf6 22. Qxf6+ Kxf6 23. b4 Nb5 24. Bxb5 Bxb5 25. a4 Bc6 26. Rf1 Rhg8 27. f4 h5 28. Nc2 h4 29. Kf2 h3 30. Nd4 Be8 31. Rfe1 Bf7 32. a5 Rge8 33. Re5 1/2-1/2

[Event "Mittelfranken-ch HT 58th"]
[Site "Postbauer"]
[Date "2009.04.08"]
[Round "3.6"]
[White "Stiller, Juergen"]
[Black "Eber, Fabian"]
[Result "0-1"]
[WhiteElo "2161"]
[BlackElo "1969"]
[PlyCount "58"]
[EventDate "2009.04.07"]
[EventType "swiss"]
[EventRounds "9"]
[EventCountry "GER"]
[SourceTitle "EXT 2011"]
[Source "ChessBase"]
[SourceDate "2010.11.26"]
[SourceVersion "1"]
[SourceVersionDate "2010.11.26"]
[SourceQuality "1"]

1. d4 d5 2. Nf3 Nf6 3. e3 Bg4 4. Be2 Nbd7 5. 0-0 e6 6. c4 c6 7. Nbd2 Bd6 8. b3 h5 9. Bb2 Bxf3 10. Nxf3 Ng4 11. Qd3 Ndf6 12. Ne5 Ne4 13. g3 f5 14. f3 Bxe5 15. dxe5 h4 16. fxe4 hxg3 17. hxg3 Rh3 18. Bxg4 Rxg3+ 19. Kf2 Qh4 20. Bh5+ Rg6+ 21. Ke2 Qxh5+ 22. Kd2 dxe4 23. Qe2 0-0-0+ 24. Bd4 Rg4 25. Kc3 Qg5 26. c5 Rd5 27. b4 f4 28. exf4 Rg3+ 29. Kc4 Rxd4+ 0-1

[Event "Nuremberg LGA Cup 5th"]
[Site "Nuremberg"]
[Date "2008.09.06"]
[Round "4"]
[White "Eber, Fabian"]
[Black "Kordts, Wolfgang"]
[Result "0-1"]
[WhiteElo "1854"]
[BlackElo "2229"]
[PlyCount "98"]
[EventDate "2008.09.04"]
[EventType "swiss"]
[EventRounds "7"]
[EventCountry "GER"]
[SourceTitle "CBM 126 Extra"]
[Source "ChessBase"]
[SourceDate "2008.11.05"]
[SourceVersion "1"]
[SourceVersionDate "2008.11.05"]
[SourceQuality "1"]

1. e4 c5 2. Nf3 d6 3. Bb5+ Nd7 4. 0-0 Ngf6 5. Re1 a6 6. Bxd7+ Nxd7 7. c3 g6 8. d4 Bg7 9. Be3 0-0 10. Qd2 Qc7 11. Bh6 e5 12. d5 b5 13. Na3 Nb6 14. Bxg7 Kxg7 15. Nh4 Qe7 16. g3 Bh3 17. b3 Qf6 18. Qe3 g5 19. Ng2 Qg6 20. f3 h5 21. Qe2 f5 22. Rf1 Rf6 23. Rf2 fxe4 24. fxe4 Rxf2 25. Kxf2 Rf8+ 26. Kg1 Nd7 27. Re1 Nf6 28. Nb1 Ng4 29. Rf1 Rxf1+ 30. Kxf1 Nxh2+ 31. Kg1 Ng4 32. Nd2 Nf6 33. a4 Bg4 34. Qd3 Bd7 35. axb5 axb5 36. Ne3 h4 37. Nf5+ Bxf5 38. exf5 Qf7 39. gxh4 gxh4 40. Ne4 Qxd5 41. Qxd5 Nxd5 42. f6+ Nxf6 43. Nxd6 Kg6 44. Nxb5 Nd5 45. c4 Nf4 46. Nd6 Nd3 47. Kg2 Kg5 48. Kf3 h3 49. Ne4+ Kh4 0-1

[Event "Nuremberg LGA Cup 5th"]
[Site "Nuremberg"]
[Date "2008.09.05"]
[Round "3"]
[White "Eber, Fabian"]
[Black "Redzepovic, Irfan"]
[Result "1-0"]
[WhiteElo "1854"]
[BlackElo "2084"]
[PlyCount "71"]
[EventDate "2008.09.04"]
[EventType "swiss"]
[EventRounds "7"]
[EventCountry "GER"]
[SourceTitle "CBM 126 Extra"]
[Source "ChessBase"]
[SourceDate "2008.11.05"]
[SourceVersion "1"]
[SourceVersionDate "2008.11.05"]
[SourceQuality "1"]

1. e4 e5 2. Nf3 Nc6 3. Bb5 Nf6 4. d3 Bc5 5. Bg5 a6 6. Bxc6 dxc6 7. Nc3 Qd6 8. h3 h6 9. Be3 Be6 10. Bxc5 Qxc5 11. d4 Qb4 12. 0-0 0-0-0 13. Nxe5 Rxd4 14. Nd3 Qa5 15. Qf3 Nh7 16. a4 c5 17. Qg3 f6 18. Nf4 Nf8 19. Qxg7 Rg8 20. Qxf6 Bc4 21. Rfd1 Nd7 22. Qxh6 Kb8 23. Nfd5 Bxd5 24. Nxd5 Re8 25. f3 Rxd1+ 26. Rxd1 Ne5 27. Qh5 Qxa4 28. f4 Rg8 29. Qxe5 Qxc2 30. Qxc7+ Ka8 31. Ne3 Qxe4 32. Qe5 Qb4 33. Nd5 Qa5 34. b4 Qa2 35. Nc7+ Kb8 36. Ne8+ 1-0

[Event "Nuremberg LGA Cup 5th"]
[Site "Nuremberg"]
[Date "2008.09.04"]
[Round "1"]
[White "Schuetz, Guenter"]
[Black "Eber, Fabian"]
[Result "1-0"]
[WhiteElo "2248"]
[BlackElo "1854"]
[PlyCount "73"]
[EventDate "2008.09.04"]
[EventType "swiss"]
[EventRounds "7"]
[EventCountry "GER"]
[SourceTitle "CBM 126 Extra"]
[Source "ChessBase"]
[SourceDate "2008.11.05"]
[SourceVersion "1"]
[SourceVersionDate "2008.11.05"]
[SourceQuality "1"]

1. f4 d5 2. Nf3 Nf6 3. g3 c6 4. d3 Bg4 5. Bg2 Nbd7 6. Nc3 e6 7. Be3 Bc5 8. Bxc5 Bxf3 9. Bxf3 Nxc5 10. b4 d4 11. bxc5 Qa5 12. Qd2 dxc3 13. Qe3 0-0 14. 0-0 Nd5 15. Bxd5 exd5 16. Qd4 Rfe8 17. e3 Re7 18. Rae1 Rae8 19. a4 b6 20. cxb6 axb6 21. f5 f6 22. Rf4 Qc5 23. Kf2 Qxd4 24. Rxd4 Re5 25. e4 Kf7 26. Rb4 c5 27. Rxb6 dxe4 28. Rb7+ Kf8 29. dxe4 Ra8 30. Rd1 Re7 31. Rxe7 Kxe7 32. Ra1 Kd6 33. a5 Kc7 34. a6 Ra7 35. Ke3 Kb8 36. Ra3 g6 37. g4 1-0